00828nam a2200253 u 450000100100000000500170001000800410002702000180006804100090008604300120009508200170010710000210012424500340014526000450017930000370022449000310026150000120029254600450030465000480034965000600039765000640045765000220052165000310054300006240620200120224245.0140717s2010 sp a gr| 000 0 eng d a97838527216130 aLeng as-p----04a428bC152211 aCampbell, Robert10aNext Door /cRobert Campbell. a[España] :bHelbling Languages,c2010. a84 p. :bil. ;c22 cm+e1 CD Rom 0aHelbling Readers.pFiction aNivel 1 aTexto en inglés (Inglés británico)17aInglésxEnseñanzavLibro de texto2LEMB27aInglésxTextos para extranjerosvLibro de texto2LEMB27aComprensión de lecturaxProblemas, ejercicios, etc.2LEMB27aGramática2LEMB27aLiteratura infantil.2LEMB